000 00412nam a2200121 a 4500
008 120416nuuuuuuuuxx |||||||||||||| || u
050 _aTD 883 Cre
100 _aCresswell, C. R
245 1 0 _aNotes on air pollution control
260 _cNew York
350 _a0.00
995 _D0.00
_FCBU-MAIN LIBRARY (Kitwe)
_H1
_I3.00
_M1
_UDAMAGED
_ZMain Library Open Access Collection
999 _c52395
_d52395